000 00434nam a2200181Ia 4500
003 GCL
008 140319s9999 xx 000 0 eng d
040 _aGCL /
_cGCL
082 0 4 _a843
_bG A
100 1 _aGIDE, ANDRE
245 1 0 _aAMYNTAS /
_cGIDE, ANDRE
260 _a[S.N] :
_bGALLIMARD ،
_c1925
300 _a158 P
490 _aCOLLECTION FOLIO
_v0
650 0 4 _aLITERATURE
650 0 4 _aFRENCH LITERATURE
942 _2ddc
_cBK
999 _c22223
_d22223